Levante UD Squad 2020-2021 - Statistics

General Stats
  • This quiz has been taken 20 times
    19 since last reset
  • The average score is 18 of 26
Answer Stats
# Position Nation Player % Correct
10 MF North Macedonia Enis Bardhi
100%
9 FW Spain Roger Martí
100%
13 GK Spain Aitor Fernández
91%
34 GK Spain Dani Cárdenas
91%
11 FW Spain José Luis Morales
91%
14 DF Portugal Rúben Vezo
91%
18 FW Spain Jorge de Frutos
82%
24 MF Spain José Campaña
82%
6 DF Costa Rica Óscar Duarte
82%
- Coach Spain Paco López
73%
15 DF Spain Sergio Postigo
73%
2 DF Spain Son
73%
3 DF Spain Toño
73%
23 DF Spain Coke
64%
20 DF Spain Jorge Miramón
64%
12 MF Martinique Mickaël Malsa
64%
5 MF Serbia Nemanja Radoja
64%
17 MF Montenegro Nikola Vukčević
64%
16 MF Spain Rubén Rochina
64%
25 MF Ivory Coast Cheick Doukouré
55%
22 MF Spain Gonzalo Melero
55%
4 DF Spain Róber Pier
55%
7 FW Spain Sergio León
55%
19 DF Spain Carlos Clerc
45%
21 FW Spain Dani Gómez
36%
1 GK Spain Koke Vegas
27%
No matching quizzes found
Score Distribution
Percent of People with Each Score
Percentile by Number Answered
Your Score History
You have not taken this quiz since the last reset